Villes les plus peuplées proche d'une grande ville - Statistiques

Statistiques générales
  • Ce quiz a été pris 35 fois
  • Le résultat moyen est 9 sur 18
Statistiques - réponses
Indice Réponses % Correct
Lyon Villeurbanne
91%
Nice Cannes
73%
Bordeaux Mérignac
73%
************* Roubaix
73%
Lille Tourcoing
67%
************* Antibes
64%
Grenoble Echirolles
58%
************* Pessac
58%
************* Montreuil
52%
************* Vénissieux
52%
Paris Boulogne-Billancourt
42%
Toulouse Colomiers
36%
************* Saint-Martin-D'Hères
33%
Strasbourg Schiltigheim
33%
************* Tournefeuille
30%
************* Cesson-Sévigné
24%
************* Illkirch
24%
Rennes Bruz
21%
Aucun quiz correspondant
Distribution des résultats
% des personnes avec chaque résultat
Percentile par nombre de réponses
Votre historique - résultats
Vous n’avez pas pris ce quiz